|
|
|
|
| LEADER |
00000naa a2200000 4500 |
| 001 |
vtls011920537 |
| 003 |
SK-MaSNL |
| 005 |
20260302141835.0 |
| 008 |
200227|2019 xo | f|| |1|| ||slo |
| 015 |
|
|
|a SNBRA 2015
|2 svkbbbg
|
| 038 |
|
|
|a SVKBBBG
|
| 040 |
|
|
|a SVKBBBG
|b slo
|c SVKBBBG
|e rda
|
| 041 |
0 |
|
|a slo
|
| 044 |
|
|
|a xo
|c SK
|
| 072 |
|
7 |
|a 504
|x Znečistenie a poškodenie životného prostredia
|2 konspekt
|
| 080 |
|
|
|a 502.174
|2 2011
|
| 080 |
|
|
|a 504.5
|2 2011
|
| 080 |
|
|
|a 542.943
|2 2001
|
| 100 |
1 |
|
|a Borošová, Michaela
|4 aut
|9 829875
|
| 245 |
1 |
0 |
|a Využitie pokročilých oxidačných procesov pri pilotnom testovaní technológie na čistenie heterogénnej zmesi kontaminantov v podzemných vodách
|c Michaela Borošová, Andrej Machlica, Vladimír Keklák, Martin Kolesár
|
| 336 |
|
|
|a text
|b txt
|2 rdacontent
|
| 337 |
|
|
|a bez média
|b n
|2 rdamedia
|
| 338 |
|
|
|a zväzok
|b nc
|2 rdacarrier
|
| 504 |
|
|
|a Bibliografia na strane 161
|
| 650 |
0 |
7 |
|a sanačné práce
|2 SNKPH
|9 4267
|
| 650 |
0 |
7 |
|a znečistenie vôd
|2 SNKPH
|9 31216
|
| 650 |
0 |
7 |
|a oxidácia
|2 SNKPH
|9 16618
|
| 700 |
1 |
|
|a Machlica, Andrej
|4 aut
|9 175634
|
| 700 |
1 |
|
|a Keklák, Vladimír
|4 aut
|9 196459
|
| 700 |
1 |
|
|a Kolesár, Martin,
|d 1986-
|4 aut
|9 200655
|
| 773 |
0 |
|
|t Znečistené územia 2019
|d Banská Bystrica : Slovenská agentúra životného prostredia, 2019
|g S. 160-161
|z 9788082130044
|
| 852 |
|
|
|a SVKBB
|b KIS3GCP
|
| 958 |
|
|
|a NB
|
| 999 |
|
|
|c 1337033
|d 1338963
|